| 000 | 00000nam##2200000za#4500 |
| 001 | 9.697372 |
| 003 | CaOODSP |
| 005 | 20220125145842 |
| 007 | cr ||||||||||| |
| 008 | 150407|2014||||xxc|||||o f|0| 0 eng|d |
| 020 | |a978-1-100-21909-7 |
| 040 | |aCaOODSP|beng |
| 043 | |an-cn--- |
| 086 | 1 |aD2-300/1-2014E-PDF |
| 110 | 1 |aCanada.|bDepartment of National Defence. |bCanadian Forces Aerospace Warfare Centre. |
| 245 | 10|aAir Force vectors (abridged) / |h[electronic resource]|c[issued by] Director General Air Force Development. |
| 250 | |a1st Edition, 2014 |
| 260 | |aOttawa - Ontario : |bNational Defence. |c2014. |
| 300 | |a32p.|bfigs., glossary, map, tables, photographs |
| 500 | |aThe catalogue number (D2-300/1-2014) and ISBN (978-1-100-54518-9) for the bilingual print edition have been copied in this electronic publication. "This publication supersedes A-AG-007-000/AG-004, Strategic Vectors 1st Edition, 2004; A-AG-007-000/AF-002, The Aerospace Capability Framework, 1st Edition, 2003; and A-GA-007-000/AF-007, Air Force Strategy, 1st Edition, 2009." |
| 590 | |a15-01|b2015-01-02 |
| 775 | 08|tVecteurs de la Force aérienne (résumé) / |w(CaOODSP)9.641427 |
| 856 | 40|ahttp://publications.gc.ca|qPDF|s3596 KB|uhttps://publications.gc.ca/collections/collection_2014/mdn-dnd/D2-300-1-2014-eng.pdf |
| 986 | |aNDID Number: A-GA-007-000/AF-008 |